00513nam a22001577a 450000500170000001000150001702000280003203500140006003700130007408200110008710000220009824500690012026000350018927001060022430000250033020210303172516.0 aENG-129131 c595.00a9789-38622-1339 aEN-112663 bDBAD/PUB a530.11 aEinstein, Albert  aRelativity: The Special And The General Theory/cAlbert Einstein aNew Delhic2018bManakin Press bNew DelhiaB-300, Okhla Industrial Area, Phase-I e110020k91-11-45328300mpublisher@manakinpress.com avii+170p.c23cm(hbk)